[Event "HCL-A2572"]
[Site "www.playchess.de"]
[Date "2006.02.01"]
[Round "9"]
[White "guanzi"]
[Black "foinaven"]
[WhiteElo "1627"]
[BlackElo "1415"]
[PlyCount "77"]
[Result "1-0"]

1.c4 Nf6 2.Nc3 e6 3.g3 d5 4.cxd5 exd5 5.Bg2 c5 
6.e3 Nc6 7.a3 Be7 8.Qc2 b6 9.Nge2 Bb7 10.O-O O-O 
11.Nf4 Ne5 12.b3 Qd7 13.Bb2 Ng6 14.Nxg6 fxg6 
15.Rad1 Rac8 16.Qb1 a6 17.d4 b5 18.dxc5 Bxc5 
19.Rd2 Qe6 20.b4 Bb6 21.Qa2 Rfd8 22.Rfd1 Qf7 
23.Bxd5 Nxd5 24.Nxd5 Bxd5 25.R2xd5 Rdf8 26.Be5 
Rcd8 27.Qd2 Rxd5 28.Qxd5 Qxd5 29.Rxd5 Rc8 30.Rd7 
Rc1+ 31.Kg2 Rc2 32.Kf3 Ra2 33.Rb7 Bxe3 34.Kxe3 
Rxa3+ 35.Ke2 Rb3 36.Rxg7+ Kf8 37.Rxh7 Rxb4 38.Bd6+ 
Ke8 39.Bxb4 1-0

[Event "HCL-E1539"]
[Site "www.playchess.de"]
[Date "2006.02.01"]
[Round "8"]
[White "Vinci"]
[Black "Matu"]
[WhiteElo "1583"]
[BlackElo "1506"]
[PlyCount "51"]
[Result "1-0"]

1.e4 {hallo wiederum, gutes neues jahr und viel 
vergnügen am spiel!}  c6 {danke gleichfalls und 
viel glück}  2.d4 {danke}  d5 3.Nc3 dxe4 4.Nxe4 
Nf6 5.Nxf6+ exf6 6.c4 Bf5 7.Be2 Nd7 8.Nf3 Rc8 
9.O-O Bd6 10.Nh4 Bg6 11.c5 Bb8 12.Re1 O-O 13.Bd3 
Bxd3 14.Qxd3 Nxc5 15.Qf5 Qxd4 16.Nf3 Qd5 17.Qg4 
Rce8 18.Bh6 Rxe1+ 19.Rxe1 g6 20.Bxf8 Kxf8 21.Qc8+ 
Kg7 22.Qxb8 Nd3 23.Rd1 Qc5 24.Rf1 b5 25.Qd8 Nxb2 
26.Qd4 1-0

[Event "HCL-B3835"]
[Site "www.playchess.de"]
[Date "2006.02.01"]
[Round "20"]
[White "King_Slayer"]
[Black "RUDI"]
[WhiteElo "1273"]
[BlackElo "1259"]
[PlyCount "62"]
[Result "0-1"]

1.d4 {Hi and Good Luck}  d5 {hi, same to you!}  
2.c4 Nf6 3.Nc3 e6 4.Bg5 Be7 5.e3 O-O 6.Nf3 Nc6 
7.cxd5 exd5 8.Bd3 Be6 9.Qc2 Nb4 10.Qb1 Nxd3+ 
11.Qxd3 Nd7 12.Bf4 c5 13.O-O c4 14.Qc2 g6 15.h3 a6 
16.b3 cxb3 17.Qxb3 Nb6 18.Rab1 Nc4 19.Qxb7 Bd6 
20.Bxd6 Qxd6 21.Qb3 h6 22.Qc2 Bf5 23.Qa4 Be4 
24.Nxe4 dxe4 25.Qxc4 exf3 26.g3 Rae8 27.Rb2 Re4 
28.Rb7 Qf6 29.Qc5 Qe6 30.Rb6 Qxh3 31.Rxg6+ 
fxg6 0-1

[Event "HCL-A2560"]
[Site "www.playchess.de"]
[Date "2006.02.01"]
[Round "1"]
[White "Matu"]
[Black "longbow37"]
[WhiteElo "1510"]
[BlackElo "1097"]
[PlyCount "60"]
[Result "0-1"]

1.e4 Nf6 2.e5 Nd5 3.d4 e6 4.c4 Ne7 5.Bg5 h6 6.Bh4 
Nbc6 7.f4 d5 8.c5 g5 9.fxg5 hxg5 10.Bxg5 Bg7 
11.Nf3 b6 12.Bb5 Bb7 13.b4 a6 14.Bxc6+ Bxc6 15.Nc3 
Qd7 16.Bxe7 Qxe7 17.a4 bxc5 18.bxc5 O-O-O 19.Rb1 
f6 20.Qe2 fxe5 21.Qxa6+ Kd7 22.Nxe5+ Bxe5 23.dxe5 
Qh4+ 24.Kd2 Qg5+ 25.Kc2 Qxg2+ 26.Kb3 Rdb8+ 27.Ka3 
Rxb1 28.Rxb1 Qc2 29.Qa5 Rh3 30.Rb3 
d4 0-1

[Event "HCL-A2564"]
[Site "www.playchess.de"]
[Date "2006.02.01"]
[Round "26"]
[White "Andy1"]
[Black "PhilipKaveny"]
[WhiteElo "1488"]
[BlackElo "1379"]
[PlyCount "52"]
[Result "0-1"]

1.e4 c5 2.Nf3 d6 3.d4 cxd4 4.Nxd4 Nc6 5.c3 a6 
6.Bd3 g6 7.Be3 Bg7 8.O-O Nf6 9.h3 O-O 10.Nd2 Ne5 
11.Bc2 b5 12.f4 Nc4 13.Nxc4 bxc4 14.Nc6 Qc7 15.Nb4 
Bb7 16.Nd5 Bxd5 17.exd5 Rab8 18.Rb1 Qa5 19.a3 Qxd5 
20.Bd4 e5 21.fxe5 dxe5 22.Bf2 Qxd1 23.Rfxd1 Rfd8 
24.Kf1 Rxd1+ 25.Bxd1 Ne4 26.Bc2 
Nd2+ 0-1

[Event "HCL-E1560"]
[Site "www.playchess.de"]
[Date "2006.02.01"]
[Round "2"]
[White "XANDERKIRV"]
[Black "chess50"]
[WhiteElo "1455"]
[BlackElo "2155"]
[PlyCount "122"]
[Result "0-1"]

1.e4 e5 2.Nf3 Nf6 3.d3 Nc6 4.a3 Be7 5.Be2 O-O 
6.O-O d5 7.exd5 Nxd5 8.h3 Bf5 9.Ne1 Qd7 10.Bg4 a6 
11.Bxf5 Qxf5 12.Nf3 Rae8 13.Re1 Red8 14.Bd2 Bc5 
15.Nc3 Nxc3 16.Bxc3 f6 17.b4 Bb6 18.Qb1 Qe6 19.Qb2 
Rd5 20.Re2 Rd7 21.Rae1 Rfd8 22.a4 Qd5 23.a5 Ba7 
24.Rb1 Ne7 25.Qb3 Qxb3 26.Rxb3 Nf5 27.Kf1 R7d5 
28.Rb1 Nd4 29.Nxd4 Bxd4 30.Bxd4 R5xd4 31.f3 Kf8 
32.Kf2 Ke7 33.Ke3 Ke6 34.Rd2 R4d5 35.c3 f5 36.Rbd1 
g5 37.g4 Kf6 38.Ke2 {(offering draw)}  R5d6 39.Ke3 
h5 40.Ke2 Rc6 41.Rc2 Re6 42.Kf2 Red6 43.Rcd2 Kg6 
44.Ke2 Rc6 45.Rc2 hxg4 46.fxg4 f4 47.Kf3 e4+ 
48.Kxe4 Re6+ 49.Kf3 Re3+ 50.Kg2 Rh8 51.Rh1 Rxd3 
52.Rh2 Rg3+ 53.Kh1 Rhxh3 54.Rce2 Rxh2+ 55.Kxh2 
Rxg4 56.Re7 f3 57.Rd7 f2 58.Rd1 Kf5 59.Rf1 Rf4 
60.Kg3 Ke4 61.c4 Kd3 0-1

[Event "HCL-E1564"]
[Site "www.playchess.de"]
[Date "2006.02.01"]
[Round "16"]
[White "XANDERKIRV"]
[Black "Matu"]
[WhiteElo "1468"]
[BlackElo "1538"]
[PlyCount "49"]
[Result "1-0"]

1.e4 c6 2.d4 d5 3.Nc3 dxe4 4.Nxe4 Nf6 5.Nxf6+ exf6 
6.Be2 Bd6 7.Nf3 Bf5 8.c3 O-O 9.O-O Nd7 10.Bd3 Bxd3 
11.Qxd3 Rc8 12.Bd2 Bb8 13.Rfe1 c5 14.Re4 Qb6 
15.Rh4 g6 16.Qe3 g5 17.Re4 Bf4 18.Qe2 Bxd2 19.Qxd2 
cxd4 20.Nxd4 Nc5 21.Re3 Rcd8 22.Qc2 Ne6 23.Rh3 
Rfe8 24.Qxh7+ Kf8 25.Nf5 1-0

[Event "HCL-A2556"]
[Site "www.playchess.de"]
[Date "2006.02.01"]
[Round "16"]
[White "zemljanin"]
[Black "archship"]
[WhiteElo "1403"]
[BlackElo "1208"]
[PlyCount "93"]
[Result "1-0"]

1.d4 {hello and happy new year}  Nf6 
{Hello.
}  2.c4 e6 3.a3 c5 4.Bg5 cxd4 5.Qxd4 h6 6.Bxf6 
Qxf6 7.Qxf6 gxf6 8.b4 Bg7 9.Ra2 b6 10.Nf3 Bb7 
11.Nbd2 d5 12.e3 dxc4 13.Bxc4 O-O 14.O-O Nd7 
15.Bb5 Ne5 16.Nd4 f5 17.Rc2 Bf6 18.Rfc1 Kh7 19.Be2 
Rfg8 20.N2f3 Nxf3+ 21.Nxf3 Rg7 22.Kh1 Rag8 23.g3 
Be4 24.Rd2 h5 25.Rc7 h4 26.Rxa7 hxg3 27.hxg3 Kg6 
28.Kg2 Rh8 29.Kf1 Rh1+ 30.Ng1 Rgh7 31.f3 Bd5 
32.Rxd5 exd5 33.f4 d4 34.Bf3 R1h2 35.Bg2 dxe3 
36.Ne2 R7h8 37.Kg1 R2h7 38.Rd7 Rd8 39.Rxd8 
{(offering draw)}  Bxd8 40.Nc1 b5 41.Bc6 Bb6 
42.Ne2 Rh8 43.Bxb5 Rd8 44.Kg2 Rd2 45.Kf3 Rd1 
46.Nc3 {you don't want draw?}  Rf1+ 
47.Bxf1 1-0

[Event "HCL-B3820"]
[Site "www.playchess.de"]
[Date "2006.02.01"]
[Round "11"]
[White "RUDI"]
[Black "Saladin"]
[WhiteElo "1257"]
[BlackElo "1379"]
[PlyCount "88"]
[Result "0-1"]

1.e4 {Hello!}  e6 {Auf ein Neues...}  2.Bc4 {jo!}  
g6 3.d3 Bc5 4.Nf3 b6 5.O-O f6 6.c3 Bb7 7.d4 Bf8 
8.b4 Bxe4 9.Nbd2 Bb7 10.Re1 Ne7 11.Bb3 Nd5 12.Bxd5 
Bxd5 13.c4 Bb7 14.Ne4 Bxb4 15.Bd2 Bxd2 16.Qxd2 Qe7 
17.d5 Na6 18.d6 Qd8 19.Rad1 c5 20.a3 Bxe4 21.Rxe4 
h6 22.Nh4 f5 23.Nxg6 Rg8 24.Qxh6 Qf6 25.Qh7 Rxg6 
26.Rh4 Qf7 27.Rd3 Rg7 28.Qh8+ Rg8 29.Qh5 Qxh5 
30.Rxh5 Kf7 31.Rdh3 Rg7 32.R5h7 Rag8 33.f4 Nb8 
34.Rxg7+ Rxg7 35.Rg3 Rxg3 36.hxg3 a6 37.Kh2 b5 
38.cxb5 axb5 39.Kg1 b4 40.axb4 cxb4 41.g4 fxg4 
42.g3 b3 43.f5 exf5 44.Kf2 b2 0-1

[Event "HCL-E1525"]
[Site "www.playchess.de"]
[Date "2006.02.01"]
[Round "21"]
[White "Spotsychess"]
[Black "BigAl"]
[WhiteElo "1474"]
[BlackElo "1540"]
[PlyCount "52"]
[Result "0-1"]

1.e4 c5 {Hi, good to meet you again, good luck 
with the tournament}  2.Nc3 Nc6 3.d3 {You too. 
Good luck on your side also.}  g6 4.Nf3 Bg7 5.Bd2 
e6 {A very happy Christmas to you and your family, 
I hope 2006 is a great year for you}  6.Be2 Nge7 
7.O-O O-O 8.a3 d5 9.exd5 exd5 10.Re1 a6 11.h3 Nf5 
12.Bf1 Ncd4 13.Be3 Nxf3+ 14.Qxf3 d4 15.Bxd4 Nxd4 
16.Qd1 Qg5 17.Ne4 Qd5 18.c3 Nc6 19.Qf3 Be6 20.Nf6+ 
Bxf6 21.Qxf6 Bf5 22.Rad1 Rae8 23.Rxe8 Rxe8 24.Qh4 
Ne5 25.d4 Nc4 26.Bxc4 Qxc4 0-1

[Event "HCL-M879"]
[Site "www.playchess.de"]
[Date "2006.02.01"]
[Round "8"]
[White "slimsboy"]
[Black "AronVug"]
[WhiteElo "1915"]
[BlackElo "2046"]
[PlyCount "46"]
[Result "0-1"]

1.d4 {Aloha again, let's see if I can last over 13 
moves this time....GL!}  Nf6 {Nice to meet you 
again! Happy new Year! Good game!}  2.c4 {Happy 
New Year! Good game to you!}  g6 3.Nc3 d5 4.Bf4 
Bg7 5.e3 c5 6.dxc5 Qa5 7.Qa4+ Qxa4 8.Nxa4 O-O 
9.Nf3 Ne4 10.Be5 Bd7 11.Nc3 Nxc3 12.bxc3 dxc4 
13.Bxc4 Rc8 14.Bd5 Bc6 15.c4 Bxd5 16.cxd5 Rxc5 
17.Bxg7 Kxg7 18.e4 Nd7 19.Kd2 Nf6 20.Ke3 Ng4+ 
21.Kd4 Rac8 22.Ne5 Nxf2 23.Rhf1 
R5c2 0-1

[Event "HCL-B3864"]
[Site "www.playchess.de"]
[Date "2006.02.01"]
[Round "4"]
[White "Buddy"]
[Black "odin"]
[WhiteElo "940"]
[BlackElo "1506"]
[PlyCount "39"]
[Result "1-0"]

1.d4 d5 2.e3 Nf6 3.Bb5+ Bd7 4.Nc3 a6 5.Ba4 e6 
6.Nf3 c5 7.O-O b5 8.Bb3 c4 9.Bxc4 bxc4 10.Ne5 Nc6 
11.a3 Bd6 12.f4 O-O 13.b3 cxb3 14.cxb3 Rc8 15.a4 
Bxe5 16.fxe5 Ne8 17.Ba3 Ne7 18.Rc1 f6 19.Qf3 fxe5 
20.Qxf8+ 1-0

[Event "HCL-M875"]
[Site "www.playchess.de"]
[Date "2006.02.01"]
[Round "1"]
[White "BanzayFish"]
[Black "Jeroen"]
[WhiteElo "1889"]
[BlackElo "2025"]
[PlyCount "40"]
[Result "1/2-1/2"]

1.e4 {Hai, een fijne wedstrijd. Groetjes}  e5 
{dank je, van hetzelfde}  2.Nf3 Nf6 3.Nxe5 d6 
4.Nf3 Nxe4 5.d4 d5 6.Bd3 Nc6 7.O-O {een mooi 2006 
gewenst}  Be7 {Bedankt, en ook het beste voor 
2006. Tel je vingers even na voor oudejaar. Als er 
op één januari nog net zoveel aanzitten is het 
goed. :)}  8.Re1 {ik kwam t/m 10 :>)}  Bg4 9.c4 
{Leuke jaarwisseling gehad?}  Nf6 {effe uitbuiken} 
 10.cxd5 {Ik ken dat :>)}  Bxf3 11.Qxf3 Qxd5 
12.Qxd5 Nxd5 13.Be4 O-O-O 14.Nc3 Bb4 15.Bxd5 Rxd5 
16.Nxd5 Bxe1 17.Nxc7 Bxf2+ 18.Kxf2 Kxc7 19.Bf4+ 
Kd7 20.Rd1 Nb4 {(offering draw)} 
 1/2-1/2

[Event "ACL-T166"]
[Site "www.playchess.de"]
[Date "2006.02.01"]
[Round "34"]
[White "Goofy"]
[Black "Chascarrillo"]
[WhiteElo "1943"]
[BlackElo "2133"]
[PlyCount "58"]
[Result "0-1"]

1.g4 d5 2.h3 e5 3.Bg2 c6 4.d3 Ne7 5.c3 Ng6 6.Nf3 
Bd6 7.e4 O-O 8.O-O Nd7 9.Be3 dxe4 10.dxe4 Bc5 
11.b4 Bxe3 12.fxe3 Qb6 13.Qe1 a5 14.a4 Rd8 15.Rf2 
Nf6 16.Nh2 Be6 17.Rb2 Nf4 18.Rd2 Nxg2 19.Rxd8+ 
Rxd8 20.Kxg2 Nxe4 21.Nf3 Rd3 22.Nbd2 Nxd2 23.Nxd2 
axb4 24.Rb1 Rxe3 25.Qf2 Bd5+ 26.Kf1 Qc5 27.cxb4 
Qc3 28.Qf5 g6 29.Qc8+ Kg7 0-1

[Event "ACL-E205"]
[Site "www.playchess.de"]
[Date "2006.02.01"]
[Round "17"]
[White "SnottyKid"]
[Black "ETC_Chess"]
[WhiteElo "2175"]
[BlackElo "1907"]
[PlyCount "67"]
[Result "1-0"]

1.e4 {Hello from Az}  d5 {Hello and good luck!}  
2.exd5 Qxd5 3.Nc3 Qa5 4.d4 Nf6 5.Nf3 c6 6.Bd2 Bf5 
7.Nh4 Bg4 8.f3 Bc8 9.Qe2 Qb6 10.O-O-O Qxd4 11.g4 
Qb6 12.Kb1 Qc7 13.g5 Nd5 14.f4 Nxf4 15.Qf3 Nd5 
16.Nxd5 cxd5 17.Bf4 Qc6 18.Rxd5 a6 19.Qd3 Qb6 
20.Be3 Qc7 21.g6 Be6 22.Bh3 Bxd5 23.Qxd5 hxg6 
24.Rf1 f5 25.Nxg6 Rxh3 26.Ne5 Qd6 {Merry Christmas 
and Happy New Year!}  27.Qf7+ {Merry Christmas and 
a Happy New Year to you also}  Kd8 28.Qxf5 Kc7 
29.Nc4 Rxe3 30.Nxd6 exd6 31.Qxf8 Ra7 32.Rf7+ Nd7 
33.b4 Re1+ 34.Kb2 1-0

[Event "HCL-A2465"]
[Site "www.playchess.de"]
[Date "2006.02.01"]
[Round "17"]
[White "player_reh"]
[Black "Spotsychess"]
[WhiteElo "1471"]
[BlackElo "1548"]
[PlyCount "144"]
[Result "1/2-1/2"]

1.d4 {good morning}  e6 {top of the morning to 
you}  2.e4 b6 3.Nc3 Bb7 4.Bf4 Bb4 5.Bd3 Nf6 6.f3 
d6 7.Nge2 c5 8.Bb5+ Bc6 9.Bxc6+ Nxc6 10.dxc5 dxc5 
11.O-O Bxc3 12.Qxd8+ Rxd8 13.Nxc3 Nd4 14.Rf2 O-O 
15.a4 Rfe8 16.Bc7 Rd7 17.Be5 Kf8 18.Nb5 Rc8 19.c3 
Nc6 20.b3 a6 21.Nd6 Rcd8 22.Bxf6 R7xd6 23.Bxd8 
Rxd8 24.f4 Rd3 25.Rf3 Rd7 26.Kf1 g6 27.Ke2 Ke7 
28.Rd3 Rb7 29.Rad1 Na5 30.c4 b5 31.axb5 axb5 
32.Rc1 b4 33.Kd2 Nc6 34.Ra1 Nd4 35.g4 Rd7 36.Rb1 
f6 37.Rb2 e5 38.f5 g5 39.Ke3 Ra7 40.Kf2 Kf8 41.Ke1 
Kg7 42.Kd1 h6 43.Kc1 Kf8 44.Kb1 Ke8 45.Ra2 Rc7 
46.Re3 Kf7 47.Kb2 Kg7 48.Ra1 Kh7 49.Rh1 Kg8 50.h4 
Rh7 51.hxg5 fxg5 52.Ra1 h5 53.Ra8+ Kg7 54.Ra7+ Kh6 
55.Rxh7+ Kxh7 56.gxh5 Kh6 57.Kc1 Kxh5 58.Kd2 g4 
59.Rd3 Kg5 60.Ke1 Kf6 61.Kf2 Kg5 62.Re3 Kf6 
{(offering draw)}  63.Kg3 Kg5 64.f6 Kxf6 65.Kxg4 
Kg6 66.Rh3 Kf6 67.Kh5 Ke6 68.Kg6 Ne2 69.Kg5 Nd4 
70.Rh6+ Ke7 71.Rh7+ Ke6 72.Rh3 Kf7 {(offering 
draw)}  1/2-1/2

[Event "HCL-A2556"]
[Site "www.playchess.de"]
[Date "2006.02.01"]
[Round "20"]
[White "zemljanin"]
[Black "Whiterock"]
[WhiteElo "1403"]
[BlackElo "1472"]
[PlyCount "64"]
[Result "0-1"]

1.d4 {hello and happy new year}  Nf6 {Thanks, to 
you too. Kak tam v Antarktide?}  2.c4 {hladno, ne 
govorim ruski,english is better...}  e5 {OK, no 
problem. You nickname is Russian, therefore I 
thought you might be Russian...}  3.d5 {no my nick 
name is slavic,not all slavic people are 
rusians... :-)}  Bc5 {Yes, I know that :) Amd I 
understood that you a Slavic also because of 
'hladno' (it would be 'holodno' in Russian). By 
the way, ethnically, I'm a Slavic as well :)}  
4.a3 {russian?}  O-O {Ukrainian/Russian 50-50. And 
you?}  5.e3 {I'm born on antarctica but adoppted 
from serbian/montenegro couple so I'm that...}  a5 
{Very interesting. And where do you live now?}  
6.b3 {in EU, work with theatre groups so I travel 
and work in different countries...}  e4 {That 
explains you nick :) I travelled a lot, too.}  
7.Bb2 {yes,you got it :-)}  Re8 {Somewhat about 20 
years ago there was a very popular rock group in 
the Soviet Union - "Zemljane"}  8.Nc3 Qe7 9.Na4 
{never heard about them, see you tomorrow....}  
Ba7 {Good night...}  10.g3 d6 11.Bg2 {good 
morning...}  c6 {Hi :)}  12.b4 cxd5 13.cxd5 axb4 
14.axb4 b5 15.Nb6 Bxb6 {Oops :(}  16.Rxa8 Ba6 
17.Qa1 Nxd5 18.Rxa6 Nxb4 19.Rxb6 Nc2+ 20.Kd2 Nxa1 
21.Bxa1 {that was a hard decision of mine to 
change these pieces....good morning...}  Qa7 
{Hi... yes, it's an intricate position now - 
difficult to decides who has advantage. Roughly 
equal in material (Q+2p ~ R+2B) though :)}  22.Bd4 
{only if it stays like in your equasions...:-) 
well'll see...}  Qa2+ 23.Kd1 d5 24.Ne2 {hello 
again,been busy?}  Rc8 {Hi, yes, sorry for the 
delay. Wanted to analyse the position on the 
board, but never did. So continue as if it were an 
OTB game :)}  25.Nc3 {well, i am waiting for 
analyses board over here, it is even been decided 
that it will be done but since thomas wants now to 
have other languages it's been delayed for 6 
months i supose...}  Qxf2 {Yes, that boards would 
be very helpful...}  26.Rxb8 {i made a fatal 
mistake by letting you eat that pawn, I loose 
cause of it...}  Rxb8 27.Re1 Qxg2 {Alas :(}  
28.Re2 Qf1+ 29.Kd2 b4 30.Nxd5 b3 31.Nc3 b2 32.Re1 
{?}  Qd3+ {Why the question mark? Suprised? 
:)
Good game. Hope to see you again :)} 
 0-1

[Event "HCL-C4043"]
[Site "www.playchess.de"]
[Date "2006.02.01"]
[Round "1"]
[White "daveboy6968"]
[Black "Farquhart"]
[WhiteElo "1014"]
[BlackElo "504"]
[PlyCount "51"]
[Result "1-0"]

1.e4 {hi and good luck :-)}  e5 2.d4 exd4 3.Qxd4 
Nc6 4.Qc4 Ne5 5.Qd4 Qf6 6.Qe3 Bb4+ 7.c3 Ba5 8.Bd2 
Ng4 9.Qf3 Ne5 10.Qe2 Nh6 11.h3 g5 12.g3 Rg8 13.Nf3 
Nxf3+ 14.Kd1 g4 15.h4 d6 16.Qe3 Be6 17.Be2 b5 
18.Bxb5+ Bd7 19.Bxd7+ Kxd7 20.Na3 Rab8 21.b3 Nxd2 
22.Kxd2 Rbe8 23.b4 Bb6 24.Qe2 Bxf2 25.Rhf1 Qe5 
26.Rxf2 1-0

[Event "HCL-A2564"]
[Site "www.playchess.de"]
[Date "2006.02.01"]
[Round "18"]
[White "froilo"]
[Black "scotty4u"]
[WhiteElo "1414"]
[BlackElo "1332"]
[PlyCount "39"]
[Result "1-0"]

1.Nf3 Nc6 2.b3 e5 3.Bb2 d6 4.e4 Bg4 5.Be2 Nf6 6.d3 
Be7 7.Nbd2 O-O 8.O-O d5 9.Nxe5 Nxe5 10.Bxe5 Bxe2 
11.Qxe2 Nd7 12.Bb2 dxe4 13.Nxe4 Nf6 14.Rae1 Bd6 
15.Nxf6+ gxf6 16.Qf3 Kg7 17.Re4 Rg8 18.Rg4+ Kh8 
19.Bxf6+ Qxf6 20.Qxf6+ 1-0

[Event "HCL-C4132"]
[Site "www.playchess.de"]
[Date "2006.02.01"]
[Round "3"]
[White "Skipper_Robert"]
[Black "axagom"]
[WhiteElo "991"]
[BlackElo "800"]
[PlyCount "52"]
[Result "0-1"]

1.e4 e5 2.Nf3 Nc6 3.d3 Bc5 4.Nc3 Nge7 5.Qe2 O-O 
6.Bd2 d6 7.O-O-O f5 8.g3 fxe4 9.dxe4 Bg4 10.Bg2 
Nd4 11.h3 Nxe2+ 12.Nxe2 Bxf3 13.Bxf3 Rxf3 14.Bg5 
Rxf2 15.Nc3 c6 16.Rhf1 Qd7 17.Rxf2 Bxf2 18.g4 Rf8 
19.Ne2 Ng6 20.Kb1 Qf7 {you lose!!why you 
continue....??}  21.Rxd6 {you are in a  hurry? I 
hope, I can learn from you!}  Bd4 22.Bd2 Qc4 
23.Ng3 Rf2 24.Rd8+ Nf8 25.Bg5 Qxc2+ 26.Ka1 Qxb2+ 
{next macht will be for you better...thanks! tell 
me sametimes for another game!!ok?} 
 0-1

[Event "HCL-C3985"]
[Site "www.playchess.de"]
[Date "2006.02.01"]
[Round "16"]
[White "Grunert"]
[Black "ronan48"]
[WhiteElo "929"]
[BlackElo "959"]
[PlyCount "49"]
[Result "1-0"]

1.b3 e5 2.Bb2 f6 3.g3 Nc6 4.Bg2 d5 5.e3 e4 6.Nc3 
Nge7 7.Nge2 Nf5 8.h3 g5 9.g4 Nh4 10.O-O Bd6 11.Ng3 
Bxg3 12.fxg3 Ng6 13.Nb5 Bd7 14.Bxf6 Qc8 15.Bxh8 
Nxh8 16.a4 a5 17.d3 Nb4 18.dxe4 c6 19.Nd6+ {Uh...} 
 Kd8 {I know ;-)}  20.Nxc8 Rxc8 21.exd5 Nxd5 
22.Bxd5 cxd5 23.Qxd5 Rxc2 24.Rf8+ Kc7 
25.Rxh8 1-0

[Event "HCL-C4107"]
[Site "www.playchess.de"]
[Date "2006.02.02"]
[Round "10"]
[White "longino"]
[Black "epenz"]
[WhiteElo "1138"]
[BlackElo "1004"]
[PlyCount "51"]
[Result "1-0"]

1.c4 e5 2.e3 d6 3.g3 Nc6 4.Bg2 Nf6 5.d3 Be7 6.Ne2 
O-O 7.O-O Be6 8.Nbc3 a6 9.b3 Qd7 10.Re1 Bh3 11.Bh1 
Ng4 12.Bg2 Nf6 13.Bh1 h6 14.d4 exd4 15.exd4 Rfe8 
16.Nf4 b5 17.Nxh3 Qxh3 18.Bg2 Qg4 19.Bxc6 Qxd1 
20.Nxd1 bxc4 21.Bxa8 d5 22.Bc6 Rb8 23.Rxe7 Rb6 
24.Rxc7 Kf8 25.bxc4 dxc4 26.Ba3+ 1-0

[Event "HCL-M835"]
[Site "www.playchess.de"]
[Date "2006.02.02"]
[Round "28"]
[White "R_I_C_H"]
[Black "Faroe_Bamsa"]
[WhiteElo "1663"]
[BlackElo "2253"]
[PlyCount "70"]
[Result "0-1"]

1.e4 {Hello Alvin.}  e5 {Hi, Have a good game.}  
2.Nf3 Nc6 3.Bb5 a6 4.Ba4 Nf6 5.O-O Be7 6.Re1 O-O 
7.c3 d6 8.h3 Bd7 9.d4 Re8 10.Nbd2 Bf8 11.Nf1 exd4 
12.cxd4 Rxe4 13.Rxe4 Nxe4 14.Bb3 Qf6 15.Be3 h6 
16.Rc1 Rc8 17.Bd5 Qf5 18.Bb3 d5 19.Nh4 Qf6 20.Qh5 
Be6 21.Rd1 g6 {Maybe that was not your best move 
:o)}  22.Nxg6 {I agree! :(  What would you have 
recomended?}  Qxg6 {I think Nf3 was your best 
move, but your position was pretty hopeless 
anyway. To many "not-the-best" moves in the 
opening :o)}  23.Qf3 {Before i joined this site i 
did'nt really know any openings!}  Ng5 24.Bxg5 
Qxg5 25.Ne3 Bg7 26.Nc2 Ne7 27.Ne3 c6 28.Bc2 Re8 
29.g4 f5 30.Kh2 Rf8 31.gxf5 Bxf5 32.Rg1 Bxc2 
33.Qxf8+ Kxf8 34.Rxg5 hxg5 35.Nxc2 
Nf5 0-1

[Event "ACL-T160"]
[Site "www.playchess.de"]
[Date "2006.02.02"]
[Round "6"]
[White "Kimura"]
[Black "Walter"]
[WhiteElo "1856"]
[BlackElo "1920"]
[PlyCount "35"]
[Result "1-0"]

1.f4 e5 2.fxe5 d6 3.exd6 Qxd6 4.Nf3 Bg4 5.e4 Nc6 
6.Be2 O-O-O 7.d3 f5 8.Nc3 Nf6 9.exf5 Qc5 10.a3 
Bxf5 11.Qd2 Ng4 12.Rf1 g6 13.Na4 Qe7 14.Qg5 Qe6 
15.Qd2 Bh6 16.Qd1 Bxc1 17.Qxc1 Nd4 
18.Nxd4 1-0

[Event "ACL-T160"]
[Site "www.playchess.de"]
[Date "2006.02.02"]
[Round "10"]
[White "Walter"]
[Black "luciano59"]
[WhiteElo "1920"]
[BlackElo "1996"]
[PlyCount "42"]
[Result "0-1"]

1.f4 e5 2.fxe5 d6 3.exd6 Bxd6 4.Nf3 {Hi..Let the 
games begin...}  Nf6 {hello and good game friend}  
5.g3 Nc6 6.Bg2 Bg4 7.O-O Qe7 8.Nc3 O-O-O 9.d3 h5 
10.Qd2 Kb8 11.Kh1 h4 12.Nxh4 Qd7 13.e4 Be6 14.Nb5 
Bc5 15.Qe1 a6 16.Nc3 Nd4 17.Qd2 Be7 18.Ne2 g5 
19.Nxd4 gxh4 20.Ne2 hxg3 21.Nxg3 
Rxh2+ 0-1

[Event "ACL-E216"]
[Site "www.playchess.de"]
[Date "2006.02.02"]
[Round "9"]
[White "marietto"]
[Black "Walter"]
[WhiteElo "1715"]
[BlackElo "1920"]
[PlyCount "23"]
[Result "1-0"]

1.c4 e5 2.Nc3 {hi, good game}  Nf6 3.g3 Nc6 4.Bg2 
Bc5 5.Nf3 O-O 6.O-O d5 7.cxd5 Nb4 8.Nxe5 Nbxd5 
9.Nxd5 Nxd5 10.d4 Bb6 {(offering draw)}  11.Nc4 
Re8 {(offering draw)}  12.e4 1-0

[Event "ACL-E211"]
[Site "www.playchess.de"]
[Date "2006.02.02"]
[Round "18"]
[White "marietto"]
[Black "Walter"]
[WhiteElo "1715"]
[BlackElo "1903"]
[PlyCount "23"]
[Result "1-0"]

1.c4 {hi, good game}  e5 {Let the games begin...}  
2.Nc3 Nf6 3.g3 Bc5 4.Bg2 Nc6 5.a3 d5 6.cxd5 Nd4 
7.e3 Nf5 8.Nf3 Qe7 9.b4 Bb6 10.d3 O-O {(offering 
draw)}  11.Na4 e4 {(offering draw)}  
12.dxe4 1-0

[Event "HCL-A2433"]
[Site "www.playchess.de"]
[Date "2006.02.02"]
[Round "6"]
[White "carlosmadeira"]
[Black "saemi"]
[WhiteElo "1583"]
[BlackElo "1632"]
[PlyCount "97"]
[Result "1/2-1/2"]

1.e4 e5 {Hello from Iceland}  2.Nf3 {I am in rio 
de janeiro}  Nc6 3.Bc4 Nf6 4.Nc3 Bb4 5.d3 d5 
6.exd5 Nxd5 7.Bd2 Nxc3 8.bxc3 Ba5 9.O-O O-O 10.h3 
Bf5 11.Re1 Re8 12.Ng5 Bg6 13.Qf3 Re7 14.h4 h6 
15.Ne4 Bb6 16.h5 Bh7 17.Qg3 Kh8 18.Qh3 f5 19.Ng3 
Na5 20.Bb3 Qd7 21.Rad1 Nxb3 22.axb3 f4 23.Qxd7 
Rxd7 24.Ne4 Re8 25.c4 a6 26.c5 Ba7 27.Bc3 Bxe4 
28.Rxe4 Bxc5 29.Rxe5 Rxe5 30.Bxe5 Bd6 31.Bc3 b6 
32.Re1 Re7 33.Re4 Kh7 34.Bd2 Rf7 35.c4 g5 36.Bc3 
Re7 37.f3 Kg8 38.Rxe7 Bxe7 39.Kh2 Kf7 40.Kh3 Ke6 
41.Kg4 Bf6 42.d4 a5 43.d5+ Kf7 44.Be1 Be5 
{(offering draw)}  45.Kf5 Bd6 46.Bf2 Bb4 47.Bd4 
Bd6 48.Bf6 Bf8 49.Be5 {(offering draw)} 
 1/2-1/2

[Event "HCL-B3835"]
[Site "www.playchess.de"]
[Date "2006.02.02"]
[Round "5"]
[White "tahchiev"]
[Black "PhilipKaveny"]
[WhiteElo "1200"]
[BlackElo "1353"]
[PlyCount "84"]
[Result "1-0"]

1.e4 e5 2.Nf3 d6 3.d4 exd4 4.Nxd4 Nc6 5.Bc4 Nf6 
6.O-O Nxd4 7.Qxd4 Be7 8.e5 dxe5 9.Qxd8+ Bxd8 
10.Re1 O-O 11.Rxe5 Ng4 12.Re2 c6 13.Bf4 Bf6 14.c3 
b5 15.Bb3 a5 16.a4 Bb7 17.Nd2 Ba6 18.axb5 cxb5 
19.Ne4 b4 20.Nxf6+ Nxf6 21.Re5 bxc3 22.bxc3 Bb7 
23.Rexa5 Ne4 24.Be5 Rfd8 25.R5xa8 Bxa8 26.Bd4 Nd2 
27.Bc2 Be4 28.Bxe4 Nxe4 29.f3 Nd2 30.Kf2 Nc4 
31.Ra7 h6 32.Ke2 Nd6 33.Kd3 Nb5 34.Ra4 Nd6 35.g4 
f5 36.Ra7 fxg4 37.Rxg7+ Kf8 38.fxg4 Nb5 39.Rg6 Na3 
40.Rxh6 Rd5 41.h4 Nb1 42.g5 Na3 1-0